000 00626nam a2200241 i 4500
001 C2-0139096
003 PPAK
005 20180727124610.0
008 971220s1993 enka|||| ||||| | eng d
020 _a014054917X
040 _aPPAK
_beng
_cPPAK
_erda
082 0 4 _a428.6
_223
090 0 0 _a428.6
_bCOL
_dK
100 1 _aCole, Babette,
_eauthor
245 1 0 _aWinni allfours
264 1 _aLondon :
_bPuffin Books ,
_c1993
300 _a[n.p.] :
_bcolour illustrations ;
_c19 cm
336 _2rdacontent
_atext
337 _2rdamedia
_aunmediated
338 _2rdacarrier
_avolume
650 1 0 _aReaders
942 _ddc
_cB
999 _c43380
_d43380